Fókuszban egy erős csapat öt magyar filmet vetítenek majd Karlovy Vary idei fesztiválján, három rendező személyes részvételével

Bibliographic Details
Main Author: Szabó, László G., 1955- (Author)
Format: Article
Language:Hungarian
PhysicalDescription:Fotogr.
ISSN:1335-7050
Subjects:

MARC

LEADER 00000nab a2200000 ar4500
001 vtls009623596
003 SK-MaSNL
005 20260319071006.0
008 090702c20090619xo |||||||| 000 b|hun
015 |a SNBRB2009/06  |2 snkbucl 
038 |a SNKBUCL 
040 |a DSZK  |b slo  |c DSZK  |e AACR2 
041 0 |a hun 
044 |a xo  |c SK 
080 |a 791.43  |x (439)  |2 2001 
100 1 |a Szabó, László G.,  |d 1955-  |4 aut  |9 840019 
245 1 0 |a Fókuszban egy erős csapat  |b öt magyar filmet vetítenek majd Karlovy Vary idei fesztiválján, három rendező személyes részvételével  |c Szabó G. László 
300 |b Fotogr. 
630 0 7 |a Nem vagyok a barátod (film)  |2 snkbucl  |9 1053336 
630 0 7 |a Made in Hungaria (film)  |2 snkbucl  |9 1035210 
630 0 7 |a Utolsó idők (film)  |2 snkbucl  |9 1053337 
630 0 7 |a A hetedik kör (film)  |2 snkbucl  |9 1053338 
630 0 7 |a Édes Emma, drága Böbe (film)  |2 snkbucl  |9 1053339 
650 0 7 |a maďarské filmy  |2 snkbucl  |9 927030 
773 0 |t Új szó  |g Évf. 62, sz. 140 (19.6.2009), o. 9  |x 1335-7050 
852 |a SNK  |b KIS3GCP 
852 |a DSZK  |b KIS3GCP 
958 |a HU 
999 |c 1731521  |d 1733451